| 000 | 00417nam a22001697a 4500 | ||
|---|---|---|---|
| 003 | OSt | ||
| 005 | 20220128153848.0 | ||
| 008 | 220128b |||||||| |||| 00| 0 eng d | ||
| 020 | _a9788120338920 | ||
| 040 | _cHU | ||
| 082 | _a658 | ||
| 100 |
_aINNOVATIONS IN HUMAN RESORCE MANAGEMENT . _929089 |
||
| 245 | _a RESORCE MANA GEMENT | ||
| 260 |
_aLONDON _bLTD _c2009 |
||
| 300 | _a333 | ||
| 942 |
_2ddc _cBOOKS _n0 |
||
| 999 |
_c28424 _d28424 |
||